[Event "ICS Unrated blitz match"]
[Site "204.178.125.65"]
[Date "1999.07.27"]
[Round "?"]
[White "Hossa"]
[Black "Diepeveen"]
[Result "1-0"]
[WhiteElo "2398"]
[BlackElo "2396"]
[PlyCount "31"]
[EventDate "1999.??.??"]

1. d4 d5 2. c4 c6 3. Nc3 Nf6 4. cxd5 cxd5 5. f3 Nc6 6. e4 e6 7. e5 Nd7 8. f4 g6
9. Bb5 a6 10. Bxc6 bxc6 11. Nge2 c5 12. Be3 a5 13. dxc5 Nxc5 14. Rc1 Ba6 15.
Bxc5 Bxc5 16. Nxd5 {Diepeveen resigns} 1-0

[Event "ICS Rated blitz match"]
[Site "204.178.125.65"]
[Date "1999.07.27"]
[Round "?"]
[White "Hossa"]
[Black "Diepeveen"]
[Result "0-1"]
[WhiteElo "2398"]
[BlackElo "2396"]
[PlyCount "107"]
[EventDate "1999.??.??"]

1. d4 d5 2. c4 c6 3. Nc3 Nf6 4. cxd5 cxd5 5. f3 Nc6 6. e4 e6 7. e5 Nd7 8. f4 g6
9. Bb5 a6 10. Bxc6 bxc6 11. Nge2 c5 12. O-O a5 13. Be3 Ba6 14. Rc1 Bxe2 15.
Qxe2 c4 16. b3 Nb6 17. bxc4 Nxc4 18. Bf2 Be7 19. Qd3 O-O 20. Qh3 Rb8 21. Rcd1
Rb2 22. Rb1 Qd7 23. Rxb2 Nxb2 24. Rb1 Nc4 25. Qh6 Rc8 26. Ne2 Nd2 27. Rb2 Ne4
28. Be1 Qa4 29. Qh3 Qd1 30. Kf1 Bb4 31. Qh4 Nd2+ 32. Rxd2 Bxd2 33. a3 Bxe1 34.
Qxe1 Qxe1+ 35. Kxe1 Rc2 36. g3 Ra2 37. a4 Rxa4 38. Kd2 Ra2+ 39. Ke3 Kg7 40. h3
Ra3+ 41. Kd2 Rf3 42. h4 a4 43. Nc1 Rxg3 44. Kc2 Rh3 45. h5 gxh5 46. Kd2 h4 47.
f5 exf5 48. Ne2 Rh2 49. Ke3 Rxe2+ 50. Kxe2 a3 51. Kd3 a2 52. e6 fxe6 53. Kd2
a1=Q 54. Ke2 {Hossa resigns} 0-1

[Event "ICS Rated bullet match"]
[Site "204.178.125.65"]
[Date "1999.07.27"]
[Round "?"]
[White "Hossa"]
[Black "JSBach"]
[Result "1-0"]
[WhiteElo "2334"]
[BlackElo "2096"]
[PlyCount "67"]
[EventDate "1999.??.??"]

1. d4 d6 2. c4 Bf5 3. Nc3 Nf6 4. Bg5 Nbd7 5. e3 h6 6. Bxf6 Nxf6 7. Be2 Qd7 8.
Bf3 O-O-O 9. e4 Qe6 10. Qe2 Bg6 11. Nh3 Qd7 12. O-O-O Re8 13. e5 Nh7 14. Nf4
Bf5 15. g4 g5 16. gxf5 gxf4 17. Qe4 c6 18. Qxf4 Rg8 19. Kb1 Rg5 20. Be4 f6 21.
e6 Qc7 22. h4 Rg8 23. Rhg1 Bg7 24. Rg2 Bh8 25. Qxh6 Rxg2 26. Bxg2 d5 27. cxd5
Qh2 28. Be4 cxd5 29. Nxd5 Qxf2 30. Qc1+ Qc2+ 31. Qxc2+ Kb8 32. Qc7+ Ka8 33.
Nb6+ axb6 34. Qxb7# {JSBach checkmated} 1-0

[Event "ICS Rated blitz match"]
[Site "204.178.125.65"]
[Date "1999.07.27"]
[Round "?"]
[White "topolino"]
[Black "Hossa"]
[Result "1-0"]
[WhiteElo "2636"]
[BlackElo "2382"]
[PlyCount "128"]
[EventDate "1999.??.??"]

1. e4 b6 2. d4 Bb7 3. Bd3 e6 4. Nf3 d5 5. exd5 exd5 6. O-O Be7 7. Nc3 Nf6 8.
Bf4 Nh5 9. Bd2 O-O 10. Nh4 Nf4 11. Bxf4 Bxh4 12. Bxc7 Qxc7 13. Qh5 h6 14. Qxh4
Nd7 15. Rae1 Rae8 16. Nb5 Qb8 17. Re7 Rxe7 18. Qxe7 Nf6 19. Nd6 Bc6 20. Nf5 Ne4
21. Qh4 Qc7 22. Bxe4 dxe4 23. Qg4 f6 24. Nxh6+ Kh8 25. Nf5 Qf7 26. c4 Bd7 27.
Qh4+ Kg8 28. Ne3 f5 29. Rd1 b5 30. b3 bxc4 31. bxc4 Rb8 32. Nd5 Rb2 33. Qd8+
Kh7 34. Qa5 Be6 35. Ne3 f4 36. Qa3 Re2 37. Nf1 Bxc4 38. Qh3+ Kg8 39. Qc8+ Kh7
40. Nd2 Bd3 41. Rc1 Rxd2 42. Qh3+ Kg8 43. Rc8+ Qf8 44. Rxf8+ Kxf8 45. Qc8+ Kf7
46. h3 a6 47. a3 f3 48. Qf5+ Kg8 49. gxf3 exf3 50. Qxf3 Bc4 51. Qc3 Rd1+ 52.
Kg2 Bd5+ 53. Kg3 Be6 54. Kf4 Rh1 55. Qc6 g5+ 56. Kxg5 Rg1+ 57. Kf6 Bxh3 58.
Qd5+ Kh7 59. Qh5+ Kg8 60. Qxh3 Rg7 61. Qb3+ Kh7 62. Qc2+ Kg8 63. Qc8+ Kh7 64.
Qf5+ 64... Kh8 {Hossa resigns} 1-0

[Event "ICS Rated blitz match"]
[Site "204.178.125.65"]
[Date "1999.07.27"]
[Round "?"]
[White "kjhamster"]
[Black "Hossa"]
[Result "1/2-1/2"]
[WhiteElo "2086"]
[BlackElo "2376"]
[PlyCount "110"]
[EventDate "1999.??.??"]

1. d4 d5 2. c4 e6 3. Nc3 Nf6 4. cxd5 exd5 5. Bg5 c6 6. e3 Be7 7. Nf3 O-O 8. Qc2
Ne4 9. Bxe7 Qxe7 10. Bd3 Bf5 11. O-O Nd7 12. Rab1 Rae8 13. b4 Nxc3 14. Qxc3 Be4
15. Bxe4 dxe4 16. Nd2 Qg5 17. Qc2 Qd5 18. Qc4 f5 19. b5 Nb6 20. Qxd5+ cxd5 21.
Rfc1 Rc8 22. Rc5 Na4 23. Rxc8 Rxc8 24. Nb3 Nc3 25. Ra1 Nxb5 26. a4 Nc3 27. g3
Rc4 28. a5 g6 29. Nc5 b5 30. axb6 axb6 31. Ra8+ Kg7 32. Ra7+ Kh6 33. Ne6 Rc8
34. Rb7 Nd1 35. h4 Rc1 36. Nf8 Nxe3+ 37. Kh2 Ng4+ 38. Kg2 Nf6 39. Rxb6 Ne8 40.
Re6 Rc8 41. Re7 Ng7 42. Nd7 Nh5 43. Re5 f4 44. g4 f3+ 45. Kh2 Nf4 46. Kg3 Ne2+
47. Kh3 Rc4 48. g5+ Kg7 49. Re7+ Kg8 50. Nf6+ Kf8 51. Rxh7 Rxd4 52. Nd7+ Kg8
53. Nf6+ Kf8 54. Nd7+ Kg8 55. Nf6+ 55... Kf8 {Game drawn by repetition} 1/2-1/2

[Event "ICS Rated blitz match"]
[Site "204.178.125.65"]
[Date "1999.07.27"]
[Round "?"]
[White "Hossa"]
[Black "topolino"]
[Result "0-1"]
[WhiteElo "2365"]
[BlackElo "2642"]
[PlyCount "139"]
[EventDate "1999.??.??"]

1. d4 Nf6 2. c4 c5 3. d5 b5 4. cxb5 a6 5. f3 e6 6. e4 exd5 7. exd5 Qe7+ 8. Kf2
c4 9. Nc3 axb5 10. d6 Qe5 11. Qe2 Qxe2+ 12. Ngxe2 Bxd6 13. Nxb5 Bc5+ 14. Be3
Bxe3+ 15. Kxe3 Ke7 16. Ned4 d5 17. Be2 Kf8 18. Kf2 Bd7 19. Rhe1 Bxb5 20. Nxb5
Nc6 21. b3 cxb3 22. axb3 Rxa1 23. Rxa1 Ke7 24. Ra6 Rc8 25. Ra1 Rb8 26. Rc1 Kd7
27. g4 h6 28. f4 Ne4+ 29. Kg1 Ne7 30. Rc7+ Kd8 31. Ra7 Rc8 32. Nd4 Rc7 33. Rxc7
Kxc7 34. b4 Ng6 35. f5 Nf4 36. Bf3 Kd6 37. Bg2 Nd3 38. Nc2 h5 39. Bxe4 dxe4 40.
gxh5 Ke5 41. b5 Kxf5 42. b6 Nc5 43. Kf2 Kf4 44. h4 Kg4 45. Ke3 Kxh5 46. Kd4 Nd7
47. b7 Kxh4 48. Kd5 Nb8 49. Kd6 f5 50. Kc7 Na6+ 51. Kc8 g5 52. Nb4 e3 53. Nxa6
e2 54. b8=Q e1=Q 55. Qb4+ Qxb4 56. Nxb4 Kg3 57. Nd5 f4 58. Kd7 f3 59. Kc6 Kh3
60. Kb5 f2 61. Ne3 g4 62. Nf1 g3 63. Kc6 g2 64. Nd2 g1=Q 65. Kb7 Qg7+ 66. Ka6
Qh6+ 67. Ka5 Qxd2+ 68. Kb6 f1=Q 69. Kc5 Qfc1+ 70. Kb5 {Hossa resigns} 0-1

[Event "ICS Rated bullet match"]
[Site "204.178.125.65"]
[Date "1999.07.27"]
[Round "?"]
[White "topolino"]
[Black "Hossa"]
[Result "1-0"]
[WhiteElo "2699"]
[BlackElo "2340"]
[PlyCount "90"]
[EventDate "1999.??.??"]

1. d4 f5 2. e4 fxe4 3. Nc3 Nf6 4. f3 d5 5. fxe4 dxe4 6. Bg5 Bf5 7. Bc4 h6 8.
Bf4 Nc6 9. Bb5 Qd7 10. d5 a6 11. dxc6 Qxd1+ 12. Rxd1 axb5 13. Nxb5 Kf7 14. cxb7
Rb8 15. b3 Rxb7 16. Nxc7 g5 17. Be5 Bg7 18. c4 Ra7 19. a4 Rb7 20. Nb5 Rf8 21.
Ne2 Bg4 22. b4 Kg8 23. Rd4 Bxe2 24. Kxe2 Ng4 25. Bxg7 Kxg7 26. h3 Nf6 27. Rdd1
Kg6 28. a5 Rc8 29. a6 Rb6 30. a7 Rbc6 31. Rc1 Rf8 32. Ke3 e5 33. Ra1 Ra8 34.
Rhc1 h5 35. c5 g4 36. hxg4 hxg4 37. Ra3 Kg7 38. Ra4 Kg6 39. Rf1 Rcc8 40. Ra6
Rf8 41. Nc7 Rxa7 42. Rxa7 Nd5+ 43. Nxd5 Rxf1 44. c6 Re1+ 45. Kd2 45... Rf1 {
Hossa resigns} 1-0

[Event "ICS Rated standard match"]
[Site "204.178.125.65"]
[Date "1999.07.27"]
[Round "?"]
[White "Beadle"]
[Black "Hossa"]
[Result "1-0"]
[WhiteElo "2351"]
[BlackElo "2226"]
[PlyCount "88"]
[EventDate "1999.??.??"]

1. d4 d6 2. e4 Nf6 3. Nc3 c6 4. Bg5 Qb6 5. b3 d5 6. e5 Nfd7 7. Nf3 f6 8. Bf4
fxe5 9. Nxe5 Nxe5 10. Bxe5 Nd7 11. Qd2 Nxe5 12. dxe5 e6 13. a3 Qa5 14. Ra2 Be7
15. f4 O-O 16. b4 Qd8 17. Bd3 d4 18. Ne4 a5 19. bxa5 Rxa5 20. O-O Qd5 21. Rfa1
Ra4 22. Qf2 b5 23. Qg3 b4 24. Ng5 h6 25. Be4 Qb5 26. Bh7+ Kh8 27. Bd3 Qc5 28.
Nf3 Kg8 29. Qg6 Bh4 30. Nxh4 bxa3 31. Rf1 Ra7 32. Rf3 Rb7 33. Rxa3 Rb1+ 34. Kf2
Qb4 35. Qh7+ Kf7 36. Kg3 Ke8 37. Qxg7 Rf7 38. Bg6 Qf8 39. Bxf7+ Qxf7 40. Qh8+
Qf8 41. Qxf8+ Kxf8 42. Ra8 Ke7 43. Rxc8 Kd7 44. Rg8 44... Rb2 {Hossa resigns}
1-0

[Event "ICS rated blitz match"]
[Site "204.178.125.65"]
[Date "1999.07.27"]
[Round "?"]
[White "Slawa"]
[Black "Hossa"]
[Result "0-1"]
[WhiteElo "2508"]
[BlackElo "2360"]
[PlyCount "124"]
[EventDate "1999.??.??"]

1. c4 g6 2. Nc3 e5 3. g3 Bc5 4. Bg2 Nc6 5. e3 f5 6. Nge2 e4 7. O-O Ne5 8. Nf4
Nxc4 9. d3 exd3 10. Qxd3 Nb6 11. Nfd5 Ne7 12. Nxe7 Bxe7 13. Qd4 O-O 14. b3 Bf6
15. Qd3 d5 16. Bb2 c6 17. Rab1 Nd7 18. Rfd1 Ne5 19. Qe2 Qa5 20. a3 Qc5 21. b4
Qc4 22. Bf1 Qg4 23. Qxg4 fxg4 24. Ne2 Nf3+ 25. Kg2 Bf5 26. Bxf6 Bxb1 27. Rxb1
Rxf6 28. Nf4 g5 29. Nd3 Rh6 30. h4 gxh4 31. gxh4 Rxh4 32. Nf4 Nd2 33. Rd1 Ne4
34. Bd3 Rf8 35. Bxe4 dxe4 36. Kg3 Rh6 37. Rd7 Rf7 38. Rd8+ Kg7 39. Re8 Rh1 40.
Ne6+ Kg6 41. Nf4+ Kf5 42. Rg8 a6 43. Kg2 Ra1 44. Rd8 Rxa3 45. Rd4 Ke5 46. Kg3
Rxf4 47. Rc4 Rf3+ 48. Kxg4 Rxf2 49. Rd4 Rg2+ 50. Kh3 Rxe3+ 51. Kxg2 Kxd4 52.
Kf2 Rb3 53. Ke2 Rxb4 54. Kf2 Rb3 55. Kg2 Kd3 56. Kf2 e3+ 57. Kf3 e2 58. Kf4
e1=Q 59. Kf5 Rb2 60. Kf6 Rf2+ 61. Kg7 Qe7+ 62. Kh6 62... Rh2# {Slawa checkmated
} 0-1

[Event "ICS rated blitz match"]
[Site "204.178.125.65"]
[Date "1999.07.27"]
[Round "?"]
[White "Carsi"]
[Black "Hossa"]
[Result "0-1"]
[WhiteElo "2349"]
[BlackElo "2393"]
[PlyCount "49"]
[EventDate "1999.??.??"]

1. e4 b6 2. d4 Bb7 3. Nc3 d5 4. exd5 Bxd5 5. Nxd5 Qxd5 6. Be2 e5 7. dxe5 Qxe5
8. Nf3 Qa5+ 9. Bd2 Bb4 10. c3 Bd6 11. O-O Ne7 12. Bd3 Nbc6 13. Re1 Rd8 14. Qc2
Qh5 15. h3 O-O 16. Re4 Ng6 17. Rae1 Nce5 18. Nxe5 Nxe5 19. Bf1 Qg6 20. Kh1 a5
21. R1e3 Bc5 22. Rg3 Rxd2 23. Rxg6 Rxc2 24. Rg5 Rxf2 25. Rgxe5 {Carsi resigns}
0-1

[Event "ICS rated blitz match"]
[Site "204.178.125.65"]
[Date "1999.07.27"]
[Round "?"]
[White "Hossa"]
[Black "yurka"]
[Result "1-0"]
[WhiteElo "2407"]
[BlackElo "2178"]
[PlyCount "30"]
[EventDate "1999.??.??"]

1. d4 Nf6 2. c4 g6 3. Nc3 Bg7 4. e4 d6 5. f3 O-O 6. Be3 c5 7. dxc5 dxc5 8. Qxd8
Rxd8 9. Bxc5 Nc6 10. Be2 Nd7 11. Ba3 Nde5 12. Nd5 e6 13. Nc7 Rb8 14. Nb5 a6 15.
Nd6 15... Bf8 {yurka resigns} 1-0

[Event "ICS rated blitz match"]
[Site "204.178.125.65"]
[Date "1999.07.27"]
[Round "?"]
[White "Mikro"]
[Black "Hossa"]
[Result "1-0"]
[WhiteElo "2418"]
[BlackElo "2409"]
[PlyCount "89"]
[EventDate "1999.??.??"]

1. d4 Nf6 2. c4 g6 3. Nc3 Bg7 4. e4 d6 5. f3 c6 6. Be3 a6 7. Bd3 b5 8. e5 Nfd7
9. f4 O-O 10. Nf3 c5 11. Be4 Ra7 12. cxb5 axb5 13. Nxb5 Qa5+ 14. Nc3 Ba6 15.
Qd2 f6 16. Bf2 fxe5 17. fxe5 Kh8 18. Ng5 dxe5 19. dxc5 Bc4 20. Qe3 Nf6 21. Qh3
Kg8 22. Bd3 Bxd3 23. Qxd3 Qb4 24. Ne6 Rd7 25. Qe2 Rf7 26. O-O Bh8 27. Ng5 Rf8
28. Qxe5 h6 29. Ne6 Rf7 30. Qg3 g5 31. a3 Qb7 32. Qh3 Nh7 33. Bg3 Rxf1+ 34.
Rxf1 Qxb2 35. Qh5 Bf6 36. Qg6+ Kh8 37. Qe8+ Nf8 38. Qxf8+ Kh7 39. Qf7+ Kh8 40.
Rxf6 Qc1+ 41. Rf1 Qe3+ 42. Kh1 Qd4 43. Qe8+ Kh7 44. Rf7+ Qg7 45. Rxg7# {
Hossa checkmated} 1-0

[Event "ICS rated blitz match"]
[Site "204.178.125.65"]
[Date "1999.07.27"]
[Round "?"]
[White "Hossa"]
[Black "yurka"]
[Result "0-1"]
[WhiteElo "2393"]
[BlackElo "2163"]
[PlyCount "79"]
[EventDate "1999.??.??"]

1. d4 Nf6 2. c4 e6 3. Nc3 Bb4 4. Bg5 h6 5. Bh4 b6 6. a3 Bxc3+ 7. bxc3 Bb7 8. e3
d6 9. Nf3 Nbd7 10. Bd3 Qc8 11. Bxf6 Nxf6 12. O-O O-O 13. Qe2 Ne4 14. Bxe4 Bxe4
15. Nd2 Bb7 16. e4 e5 17. f4 f5 18. fxe5 dxe5 19. dxe5 Qe6 20. exf5 Rxf5 21.
Rxf5 Qxf5 22. c5 Re8 23. cxb6 cxb6 24. Re1 Rf8 25. Rf1 Qe6 26. Rxf8+ Kxf8 27.
Qf1+ Ke7 28. Qb5 Qg4 29. g3 Qd1+ 30. Nf1 Qf3 31. Ne3 Qxe3+ 32. Kf1 Qf3+ 33. Ke1
Qxc3+ 34. Ke2 Qxa3 35. Kd2 Qa5+ 36. Qxa5 bxa5 37. Kc3 Ke6 38. Kd4 a4 39. Kc3
Kxe5 40. Kb4 {Hossa resigns} 0-1

[Event "ICS rated blitz match"]
[Site "204.178.125.65"]
[Date "1999.07.27"]
[Round "?"]
[White "Hossa"]
[Black "rasky"]
[Result "1-0"]
[WhiteElo "2388"]
[BlackElo "2159"]
[PlyCount "135"]
[EventDate "1999.??.??"]

1. d4 d5 2. c4 e6 3. Nc3 Nf6 4. cxd5 exd5 5. Bg5 c6 6. e3 Be7 7. Qc2 Be6 8. Bd3
h6 9. Bxf6 Bxf6 10. Nge2 Nd7 11. O-O O-O 12. e4 dxe4 13. Bxe4 Be7 14. Bh7+ Kh8
15. Bf5 Bxf5 16. Qxf5 Nf6 17. Rae1 Re8 18. Kh1 Qd7 19. Qxd7 Nxd7 20. Ng3 g6 21.
Re4 Nf6 22. Rf4 Kg7 23. Rh4 Bd6 24. Nge4 Nxe4 25. Rxe4 Rxe4 26. Nxe4 Be7 27. f3
f5 28. Nc5 Bxc5 29. dxc5 Rd8 30. b4 Kf6 31. Kg1 Rd2 32. Rf2 Rd4 33. Rb2 a6 34.
a3 Ke6 35. Re2+ Kd7 36. Kf2 Rd3 37. Re3 Rd2+ 38. Kg3 Ra2 39. Rd3+ Ke6 40. Rd6+
Ke5 41. Rxg6 Rxa3 42. Rxh6 a5 43. Rh4 a4 44. Rh7 Rb3 45. Rxb7 a3 46. Ra7 Rxb4
47. Rxa3 Rc4 48. Ra5 Kd5 49. h4 Ke5 50. h5 Kf6 51. f4 Kg7 52. Ra7+ Kh6 53. Rf7
Rxc5 54. Kh4 Rc4 55. Rxf5 c5 56. g4 Rc1 57. g5+ Kg7 58. h6+ Kg6 59. Rf6+ Kh7
60. f5 c4 61. Rf7+ Kg8 62. g6 Rh1+ 63. Kg5 Rg1+ 64. Kf6 Rh1 65. h7+ Rxh7 66.
gxh7+ Kh8 67. Kg6 c3 68. Rf8# {rasky checkmated} 1-0

[Event "ICS rated blitz match"]
[Site "204.178.125.65"]
[Date "1999.07.27"]
[Round "?"]
[White "Hossa"]
[Black "HAL-9000"]
[Result "1-0"]
[WhiteElo "2435"]
[BlackElo "2139"]
[PlyCount "75"]
[EventDate "1999.??.??"]

1. d4 Nf6 2. c4 e6 3. Nc3 d5 4. Bf4 Bd6 5. Bg3 Bxg3 6. fxg3 O-O 7. e3 b6 8. Bd3
dxc4 9. Qf3 Bd7 10. Bxc4 Bc6 11. Qe2 Nbd7 12. Nf3 Re8 13. e4 e5 14. Ng5 Re7 15.
Nxf7 Rxf7 16. Bxf7+ Kxf7 17. Qc4+ Kf8 18. Qxc6 exd4 19. Nd5 Ne5 20. Qxc7 Nxd5
21. O-O+ Nf6 22. Qxe5 Rc8 23. Rad1 d3 24. Qd5 Ke7 25. Qxd3 Qxd3 26. Rxd3 Rc2
27. Ra3 Rxb2 28. Rxa7+ Ke6 29. Re1 g6 30. e5 b5 31. Ra6+ Kd5 32. exf6 b4 33. f7
b3 34. f8=Q bxa2 35. Qd8+ Kc4 36. Re4+ Kc3 37. Rc6+ Kb3 38. Qd3# {
HAL-9000 checkmated} 1-0

[Event "ICS rated blitz match"]
[Site "204.178.125.65"]
[Date "1999.07.27"]
[Round "?"]
[White "Hossa"]
[Black "izirom"]
[Result "1-0"]
[WhiteElo "2440"]
[BlackElo "2063"]
[PlyCount "51"]
[EventDate "1999.??.??"]

1. d4 d5 2. c4 e6 3. Nc3 Nf6 4. cxd5 exd5 5. Bg5 Be7 6. e3 c6 7. Nf3 Bf5 8. Bd3
Bxd3 9. Qxd3 O-O 10. O-O Ne4 11. Bf4 f5 12. Ne5 Nd7 13. f3 Nxc3 14. bxc3 Nxe5
15. Bxe5 b5 16. e4 Bf6 17. Bxf6 Qxf6 18. exd5 cxd5 19. Qxb5 Rad8 20. Rae1 h5
21. Re5 Qf7 22. Rfe1 h4 23. Re7 Qf6 24. Rxa7 h3 25. Ree7 hxg2 26. Qb7 {
izirom resigns} 1-0

[Event "ICS rated blitz match"]
[Site "204.178.125.65"]
[Date "1999.07.27"]
[Round "?"]
[White "izirom"]
[Black "Hossa"]
[Result "0-1"]
[WhiteElo "2060"]
[BlackElo "2443"]
[PlyCount "76"]
[EventDate "1999.??.??"]

1. e4 b6 2. d4 Bb7 3. Nc3 d5 4. e5 e6 5. f4 c5 6. Nf3 Nd7 7. Ne2 cxd4 8. Nexd4
Bc5 9. Bd3 Ne7 10. c3 Rc8 11. O-O Nc6 12. Kh1 Bxd4 13. cxd4 O-O 14. Bxh7+ Kxh7
15. Ng5+ Kg6 16. Qg4 f5 17. Qg3 Qe7 18. Be3 Rh8 19. Rf3 Rh6 20. Nxe6+ Kh7 21.
Ng5+ Kg8 22. Raf1 Nb4 23. a3 Nd3 24. Bg1 Nxb2 25. Rc3 Rxc3 26. Qxc3 Ba6 27. Rf3
Nc4 28. Rg3 Rh4 29. e6 Nf6 30. Qc2 Ne4 31. Nxe4 fxe4 32. Rg6 Rxf4 33. Qc1 e3
34. Qe1 Re4 35. Qg3 e2 36. Qb8+ Kh7 37. Rg3 e1=Q 38. Rh3+ 38... Rh4 {
izirom resigns} 0-1

[Event "ICS Rated blitz match"]
[Site "204.178.125.65"]
[Date "1999.07.27"]
[Round "?"]
[White "Hossa"]
[Black "matar"]
[Result "0-1"]
[WhiteElo "2452"]
[BlackElo "2202"]
[PlyCount "70"]
[EventDate "1999.??.??"]

1. Nf3 d5 2. d4 e6 3. Nbd2 Nf6 4. e3 c5 5. Bb5+ Nc6 6. Ne5 Bd7 7. Bxc6 Bxc6 8.
c4 Bd6 9. cxd5 exd5 10. Nxc6 bxc6 11. Qa4 O-O 12. dxc5 Bxc5 13. Qxc6 Rc8 14.
Qa4 d4 15. Nb3 dxe3 16. fxe3 Qd3 17. Nxc5 Rxc5 18. Qd4 Qf5 19. Rf1 Qh5 20. h4
Rd5 21. Qa4 Rfd8 22. Kf2 Ng4+ 23. Kg3 Nf6 24. Rxf6 gxf6 25. Qxa7 f5 26. Qe7
R8d6 27. Qe8+ Kg7 28. Qa4 Rg6+ 29. Kf2 Rg4 30. b4 Qxh4+ 31. Kf3 Qg3+ 32. Ke2
Qxg2+ 33. Ke1 Qg1+ 34. Ke2 Rg2+ 35. Kf3 35... Qf2# {Hossa checkmated} 0-1

[Event "ICS rated blitz match"]
[Site "204.178.125.65"]
[Date "1999.07.27"]
[Round "?"]
[White "Hossa"]
[Black "matar"]
[Result "1-0"]
[WhiteElo "2434"]
[BlackElo "2220"]
[PlyCount "125"]
[EventDate "1999.??.??"]

1. Nf3 d5 2. d4 e6 3. Nbd2 Nf6 4. e3 c5 5. Bb5+ Nc6 6. Ne5 Bd7 7. Bxc6 Bxc6 8.
c4 Bd6 9. cxd5 exd5 10. Nxc6 bxc6 11. Qa4 O-O 12. dxc5 Bxc5 13. Qxc6 Rc8 14.
Qa4 d4 15. Nb3 dxe3 16. fxe3 Qd3 17. Nxc5 Rxc5 18. Qd4 Qf5 19. Rf1 Qh5 20. h3
Rd5 21. Qa4 Rfd8 22. Rf3 Rd1+ 23. Qxd1 Rxd1+ 24. Kxd1 Ne4 25. Ke1 Qh4+ 26. Ke2
Qg5 27. Kf1 Qb5+ 28. Kg1 Qe2 29. a3 Qe1+ 30. Rf1 Qe2 31. h4 h5 32. b4 Ng3 33.
Rf3 Qe1+ 34. Kh2 Nf1+ 35. Kh3 Qe2 36. Rf4 Nxe3 37. Bxe3 Qxe3+ 38. g3 Qe6+ 39.
Kg2 Qe2+ 40. Rf2 Qe4+ 41. Kh2 Qe3 42. Raf1 f6 43. Rf3 Qe2+ 44. R1f2 Qe5 45. Rd3
Qe1 46. Rdd2 Qa1 47. Rf3 Qe1 48. Rfd3 Qe5 49. Rd7 a6 50. Ra7 Qe3 51. Ra8+ Kh7
52. Rg2 Qxa3 53. b5 g5 54. hxg5 fxg5 55. Ra7+ Kh8 56. Rxa6 Qb3 57. b6 Qb5 58.
Ra8+ Kg7 59. Ra7+ Kg6 60. b7 Qb6 61. Ra6 Qxa6 62. b8=Q h4 63. gxh4 {
matar resigns} 1-0

[Event "ICS rated blitz match"]
[Site "204.178.125.65"]
[Date "1999.07.27"]
[Round "?"]
[White "matar"]
[Black "Hossa"]
[Result "1/2-1/2"]
[WhiteElo "2213"]
[BlackElo "2441"]
[PlyCount "86"]
[EventDate "1999.??.??"]

1. e4 b6 2. d4 Bb7 3. Bd3 e6 4. Nf3 c5 5. c3 cxd4 6. cxd4 d5 7. e5 Nc6 8. O-O
Rc8 9. Nc3 Bb4 10. Bd2 f6 11. Re1 Qe7 12. Nxd5 Qf8 13. exf6 Bxd2 14. fxg7 Qxg7
15. Qxd2 Nxd4 16. Nxd4 Bxd5 17. Bb5+ Kf7 18. Bf1 Qf6 19. Re3 Rd8 20. Rae1 Bxg2
21. Bxg2 Rxd4 22. Qc3 Qd8 23. Rxe6 a5 24. Re8 Qd6 25. Qb3+ Kg7 26. R8e6 Qf4 27.
Qxb6 Rd2 28. R6e4 Qg5 29. h3 h5 30. Qc7+ Kg6 31. Re6+ Nf6 32. R6e5 Qf4 33. Qb6
Rb8 34. Be4+ Kh6 35. Qe3 Qxe3 36. Rxe3 Rbxb2 37. Rf3 Nxe4 38. Rxe4 Rxa2 39.
Re6+ Kg7 40. Re7+ Kg6 41. Re6+ Kg7 42. Re7+ Kg6 43. Re6+ 43... Kg7 {
Game drawn by repetition} 1/2-1/2

[Event "ICS rated blitz match"]
[Site "204.178.125.65"]
[Date "1999.07.27"]
[Round "?"]
[White "Hossa"]
[Black "matar"]
[Result "1/2-1/2"]
[WhiteElo "2432"]
[BlackElo "2222"]
[PlyCount "57"]
[EventDate "1999.??.??"]

1. Nf3 d5 2. d4 e6 3. Nbd2 Nf6 4. e3 c5 5. Bb5+ Nc6 6. Ne5 Bd7 7. Bxc6 Bxc6 8.
c4 Bd6 9. cxd5 exd5 10. Nxc6 bxc6 11. Qa4 O-O 12. dxc5 Bxc5 13. Qxc6 Rc8 14.
Qa4 d4 15. Nb3 dxe3 16. fxe3 Qd6 17. Nxc5 Rxc5 18. O-O Rh5 19. Qf4 Qd3 20. Qd4
Qg6 21. Qxa7 Rg5 22. Qb7 Ne4 23. g3 Rxg3+ 24. hxg3 Qxg3+ 25. Kh1 Qh3+ 26. Kg1
Qg3+ 27. Kh1 Qh3+ 28. Kg1 Qg3+ 29. Kh1 {Game drawn by repetition} 1/2-1/2

[Event "ICS rated blitz match"]
[Site "204.178.125.65"]
[Date "1999.07.27"]
[Round "?"]
[White "matar"]
[Black "Hossa"]
[Result "0-1"]
[WhiteElo "2231"]
[BlackElo "2423"]
[PlyCount "78"]
[EventDate "1999.??.??"]

1. e4 b6 2. d4 Bb7 3. Bd3 e6 4. Nf3 c5 5. c3 cxd4 6. cxd4 d5 7. e5 Nc6 8. O-O
Rc8 9. Nc3 Bb4 10. Bd2 f6 11. Re1 Qe7 12. Nxd5 Qf8 13. Nxb4 Nxb4 14. Bxb4 Qxb4
15. exf6 Nxf6 16. Rxe6+ Kf8 17. Rc1 Qxb2 18. Rxc8+ Bxc8 19. Rc6 Bg4 20. h3 Bd7
21. Rc2 Qa3 22. Ne5 Be6 23. Qf3 Qa4 24. Rc7 Qxd4 25. Qa8+ Ne8 26. Qb8 Qa1+ 27.
Bf1 Qxe5 28. Rf7+ Kxf7 29. Qxe5 Rf8 30. Qe4 Bxa2 31. Qb7+ Kg8 32. Qxa7 Bd5 33.
Qxb6 Nf6 34. Qd6 h6 35. Qc5 Re8 36. Bc4 Bxc4 37. Qxc4+ Kf8 38. g4 Re4 39. Kg2
39... Rxc4 {matar resigns} 0-1

[Event "ICS rated blitz match"]
[Site "204.178.125.65"]
[Date "1999.07.27"]
[Round "?"]
[White "Hossa"]
[Black "matar"]
[Result "1/2-1/2"]
[WhiteElo "2431"]
[BlackElo "2223"]
[PlyCount "135"]
[EventDate "1999.??.??"]

1. Nf3 d5 2. d4 e6 3. Nbd2 Nf6 4. e3 c5 5. Bb5+ Nc6 6. Ne5 Bd7 7. Bxc6 Bxc6 8.
c4 Bd6 9. cxd5 exd5 10. Nxc6 bxc6 11. Qa4 O-O 12. dxc5 Bxc5 13. Qxc6 Rc8 14.
Qa4 d4 15. Nb3 dxe3 16. fxe3 Qd3 17. Nxc5 Rxc5 18. Qd4 Qf5 19. Rf1 Qg5 20. Bd2
Rd5 21. Qxa7 Ne4 22. O-O-O Qxg2 23. Bc3 Nxc3 24. bxc3 Rxd1+ 25. Rxd1 Qxh2 26.
Qe7 h5 27. Rd8 Rxd8 28. Qxd8+ Kh7 29. Qd3+ g6 30. a4 h4 31. a5 Qg1+ 32. Kc2
Qg2+ 33. Kb3 h3 34. Qd7 Qf3 35. Qd6 Qb7+ 36. Ka3 Qa8 37. a6 Kh6 38. Kb3 Kh5 39.
Qg3 Qxa6 40. Qxh3+ Kg5 41. Qg3+ Kf6 42. Qh4+ Kg7 43. Qd4+ Kh7 44. Qe5 Qb6+ 45.
Kc4 Qa6+ 46. Kd4 Qb6+ 47. Kd3 Qa6+ 48. c4 Qa3+ 49. Ke4 Qb4 50. Qh2+ Kg8 51. Qc2
Qe7+ 52. Kf3 Qb7+ 53. Qe4 Qb4 54. Qe8+ Kg7 55. Qe5+ Kh7 56. c5 f6 57. Qxf6 Qxc5
58. e4 Kh6 59. e5 Qc3+ 60. Ke4 Qc4+ 61. Kf3 Qf1+ 62. Kg4 Qg2+ 63. Kh4 Qh2+ 64.
Kg4 Qg2+ 65. Kf4 Qf2+ 66. Kg4 Qg2+ 67. Kf4 Qf2+ 68. Kg4 {
Game drawn by mutual agreement} 1/2-1/2

[Event "ICS rated blitz match"]
[Site "204.178.125.65"]
[Date "1999.07.28"]
[Round "?"]
[White "Hossa"]
[Black "matar"]
[Result "1-0"]
[WhiteElo "2398"]
[BlackElo "2256"]
[PlyCount "35"]
[EventDate "1999.??.??"]

1. e4 c5 2. Ne2 e6 3. g3 d5 4. Bg2 Nf6 5. d3 Nc6 6. O-O Be7 7. c4 dxc4 8. dxc4
Qxd1 9. Rxd1 O-O 10. Nbc3 Nd4 11. Nxd4 cxd4 12. Rxd4 Bc5 13. Rd2 Ng4 14. b3 b6
15. h3 Ne5 16. Bb2 Bb7 17. Rad1 g5 18. Na4 {matar resigns} 1-0

[Event "ICS rated blitz match"]
[Site "204.178.125.65"]
[Date "1999.07.28"]
[Round "?"]
[White "Hossa"]
[Black "matar"]
[Result "1-0"]
[WhiteElo "2417"]
[BlackElo "2237"]
[PlyCount "21"]
[EventDate "1999.??.??"]

1. e4 c5 2. Ne2 e6 3. g3 Nc6 4. Bg2 Nf6 5. O-O Be7 6. d4 cxd4 7. Nxd4 d6 8.
Nxc6 bxc6 9. e5 Nd5 10. c4 Nb4 11. a3 {matar resigns} 1-0

[Event "ICS rated blitz match"]
[Site "204.178.125.65"]
[Date "1999.07.28"]
[Round "?"]
[White "matar"]
[Black "Hossa"]
[Result "0-1"]
[WhiteElo "2229"]
[BlackElo "2425"]
[PlyCount "44"]
[EventDate "1999.??.??"]

1. e4 b6 2. d4 Bb7 3. Bd3 e6 4. Nf3 c5 5. c3 cxd4 6. cxd4 d5 7. e5 Nc6 8. O-O
Rc8 9. Nc3 Bb4 10. Bd2 f6 11. Re1 Qe7 12. Nxd5 Qf8 13. Nc3 Nd8 14. Bb5+ Kf7 15.
Ne4 Bxe4 16. Rxe4 Bxd2 17. Qxd2 Qe7 18. d5 Rc5 19. Bc4 Qb7 20. exf6 Nxf6 21.
Ng5+ Ke8 22. dxe6 22... Rxg5 {matar resigns} 0-1